Combat actions in Korea (Record no. 551950)
[ view plain ]
| 000 -LEADER | |
|---|---|
| fixed length control field | 00586cam a2200157 4500 |
| 082 00 - DEWEY DECIMAL CLASSIFICATION NUMBER | |
| Classification number | 951.9042 |
| Author Mark | GUG |
| -- | L-30, P-107 |
| 100 1# - MAIN ENTRY--PERSONAL NAME | |
| Personal name | Gugeler, Russell A. |
| 9 (RLIN) | 49117 |
| 245 10 - TITLE STATEMENT | |
| Title | Combat actions in Korea |
| Statement of responsibility, etc. | [by] Russell A. Gugeler. |
| 250 ## - EDITION STATEMENT | |
| Edition statement | [Rev. ed.] |
| 260 ## - PUBLICATION, DISTRIBUTION, ETC. | |
| Place of publication, distribution, etc. | Washington, |
| Name of publisher, distributor, etc. | Office of the Chief of Military History, U.S. Army; [for sale by the Supt. of Docs., U.S. Govt. Print. Off.] |
| Date of publication, distribution, etc. | 1970. |
| 300 ## - PHYSICAL DESCRIPTION | |
| Extent | xi, 252 p. |
| Other physical details | illus., maps. |
| Dimensions | 24 cm. |
| 526 ## - STUDY PROGRAM INFORMATION NOTE | |
| Program name | 0 |
| Interest level | 0 |
| Reading level | 0 |
| Title point value | 951_904200000000000_GUG |
| 650 #0 - SUBJECT ADDED ENTRY--TOPICAL TERM | |
| Topical term or geographic name entry element | Korean War, 1950-1953 |
| General subdivision | Campaigns. |
| 9 (RLIN) | 49118 |
| 650 #0 - SUBJECT ADDED ENTRY--TOPICAL TERM | |
| Topical term or geographic name entry element | MCE |
| 9 (RLIN) | 379 |
| 942 ## - ADDED ENTRY ELEMENTS (KOHA) | |
| Source of classification or shelving scheme | |
| Koha item type | Book |
| Withdrawn status | Lost status | Source of classification or shelving scheme | Damaged status | Not for loan | Permanent Location | Current Location | Date acquired | Total Checkouts | Full call number | Barcode | Date last seen | Price effective from | Koha item type |
|---|---|---|---|---|---|---|---|---|---|---|---|---|---|
| Military College of Engineering (MCE) | Military College of Engineering (MCE) | 01/01/2015 | 951.9042 GUG | MCE-5368 | 01/01/2015 | 01/01/2015 | Book |
